00355nam a2200133 a 4500008004100000020001500041050001600056100001700072245003900089246003400128260002800162300002200190350000900212120416s0000 ||||||||||||||||| || u a0435327437 aDT 8847 Ran aRanger, T. O10aRevolt in Southern Rhodesia 1896-7 aa study in African resistance aLondonbHeinemannc1967 axii, 403p. : ill. a0.00